000 00816nas a2200277 4500
001 BR2010000484
003 BR-BrBNA
005 20231205113845.0
007 ta
008 230509b bl.|||p| |||| 00| 00por d
040 _aBR-BrBNA
_bpor
_cBiblioteca Nacional de Agricultura
041 _a(Pt)
072 _aF04
100 1 _aCarozelli, P.A.
100 1 _aCastilho, R.M.M. de
100 1 _aPina, T.P.
100 1 _aD'Andrea, C. de M.
100 1 _aOliveira, L.L.
245 1 _aUso dw fertilizantes comerciais em grama esmeralda (Zoysia japonica)
650 _aGRAMA ESMERALDA
650 _aFERTILIZANTE
650 _aADUBAÇÃO
773 0 _tCultura Agronômica (Brazil)
_xISSN 0104-1010
_g(2009), v. 18(4) p. 83-88
_wBR2010000484
909 _a202311
_bLúcia
_c55
_dLúcia Elande
942 _2AGRIS
_n0
_cANA
999 _c205976
_d205976